Statistics for Top 10 North/South American Countries with the Most Tourists

Click here to take the quiz!

General Stats

  • This quiz has been taken 75 times
  • The average score is 10 of 10

Answer Stats

Number of TouristsCountry% Correct
6,430,000Brazil
100%
29,346,000Mexico
100%
3,215,000Peru
100%
75,011,000United States
100%
5,931,000Argentina
99%
16,537,000Canada
99%
3,674,000Chile
97%
2,565,000Colombia
96%
2,682,000Uruguay
84%
2,527,000Costa Rica
80%

Score Distribution

Percentile by Number Answered

Percent of People with Each Score

Your Score History

You have not taken this quiz